00325nam a2200121Ia 4500008004100000041000800041082001200049100001600061245004400077260004200121300003100163365000900194240624s9999 xx 000 0 und d aeng a658 HAZ aHAZARD TROY aFUTURE PROOFING YOUR BUSINESS REAL LIFE c2011aNew JerseybJohn Wiley and Sons axvi, : 216 : p. : cm. ; 23 cb27